Kigogo (Record no. 9274)
[ view plain ]
| 000 -LEADER | |
|---|---|
| fixed length control field | 00332nam a22001337a 4500 |
| 005 - DATE AND TIME OF LATEST TRANSACTION | |
| control field | 20250901165805.0 |
| 008 - FIXED-LENGTH DATA ELEMENTS--GENERAL INFORMATION | |
| fixed length control field | 250320b |||||||| |||| 00| 0 eng d |
| 020 ## - INTERNATIONAL STANDARD BOOK NUMBER | |
| International Standard Book Number | 9789966066633 |
| 050 ## - LIBRARY OF CONGRESS CALL NUMBER | |
| Classification number | PL 8704 .K43 2016 |
| 245 ## - TITLE STATEMENT | |
| Title | Kigogo |
| Statement of responsibility, etc. | Pauline Kea |
| 260 ## - PUBLICATION, DISTRIBUTION, ETC. | |
| Place of publication, distribution, etc. | Nairobi: |
| Name of publisher, distributor, etc. | Storymoja, |
| Date of publication, distribution, etc. | 2016 |
| 300 ## - PHYSICAL DESCRIPTION | |
| Extent | 86 pages: |
| Dimensions | 18 cm. |
| 942 ## - ADDED ENTRY ELEMENTS (KOHA) | |
| Source of classification or shelving scheme | Library of Congress Classification |
| Withdrawn status | Lost status | Source of classification or shelving scheme | Damaged status | Not for loan | Collection | Home library | Current library | Shelving location | Date acquired | Total checkouts | Full call number | Barcode | Date last seen | Copy number | Price effective from | Koha item type | Date last checked out |
|---|---|---|---|---|---|---|---|---|---|---|---|---|---|---|---|---|---|
| Library of Congress Classification | Main Library | PIU Library | 03/20/2025 | PL 8704 .K43 2016 | PIUD0000151 | 12/01/2025 | 1 | 03/20/2025 | Books | ||||||||
| Library of Congress Classification | Main Library | PIU Library | 03/20/2025 | 1 | PL 8704 .K43 2016 | PIUD0000152 | 12/09/2025 | 2 | 03/20/2025 | Books | 12/01/2025 | ||||||
| Library of Congress Classification | Main Library | PIU Library | 03/20/2025 | 1 | PL 8704 .K43 2016 | PIUD0000153 | 12/11/2025 | 3 | 03/20/2025 | Books | 11/27/2025 |